Responses for Show #2007 - Tuesday, May 4, 1993

1993 College Championship quarterfinal game 2.

Contestants

[<< previous game]

John van DeWeert, a sophomore from Princeton University

Rhonda Rodriguez, a sophomore from Boston University

Sate Falley, a senior from Florida Atlantic University

[next game >>]

Jeopardy! Round responses

COUNTRIES OF THE WORLD
COMPUTERS
IN THE NEWS-1987
CONNECTIONS
TREES
WORD ORIGINS
    $100 1
(John: Uh, what is Germany?)
(Sate: What is Denmark?)
(Rhonda: What is Belgium?)
...
(Alex: You're all tied by the way.)

France

SateRhondaJohn
Triple Stumper
    $100 6
computer disks

Rhonda
    $100 7
San Juan Hill

John
    $100 25
the missing link

Triple Stumper
    $100 8
the willow

Sate
    $100 16
the stage

Sate
    $200 2
Canada

John
    $200 9
a port

Triple Stumper
    $200 18
the U.S. Constitution

John
    $200 26
the umbilical cord

John
    $200 11
the eucalyptus

John
    $200 17
critter

Rhonda
    $300 3
Indonesia

John
    $300 10
bootstrap

John
    $300 19
the Sexiest Man of the Year (Sexiest Man Alive)

Rhonda
    $300 27
the Bering Strait

Sate
    $300 13
Dutch Elm disease

John
    $300 20
Ramadan

John
    $400 4
Zimbabwe

Sate
    $400 12
(Rhonda: What is a modem?)

the Sound Blaster

Rhonda
Triple Stumper
    $400 23
(Rhonda: Who is Pat Robertson?)

Jerry Falwell

RhondaJohn
    $400 29
(Sate: What is, uh, the, uh, bridge, the Gateway Bridge?)

the Golden Gate Bridge

SateRhonda
    $400 14
(John: What is the magnolia?)

the dogwood

John
Triple Stumper
    $400 21
the ulna

John
    $500 5
Honduras

Sate
    $500 28
Windows

John
    $500 24
Kurt Waldheim

John
    $500 30
a conjunction

John
    $500 15
the oak tree

Triple Stumper
    $500 22
a pirouette

John

Scores at the first commercial break (after clue 15):

Sate Rhonda John
$900 -$400 $900

Scores at the end of the Jeopardy! Round:

Sate Rhonda John
$900 $100 $4,400

Double Jeopardy! Round responses

CHINESE HISTORY
SPORTS
COMPOSERS
U.S. GOVERNMENT
CONTEMPORARY WOMEN
ALPHABETS
    $200 25
Marco Polo

Sate
    $200 14
Michael Jordan

Rhonda
    $200 6
Sousa

John
    $200 1
(Sate: What's the Department of Commerce?)

the Department of Defense

SateJohn
    $200 15
(Rhonda: Who is Rehnquist?)
...
(Alex: Yes, the category is CONTEMPORARY WOMEN.)
[Rhonda reacts audibly and covers her face]

Sandra Day O'Connor

SateRhonda
    $200 16
V

Sate
    $400 27
a dynasty

John
    $400 13
(Sate: What is the Big 10?)

the Big 8

Sate
Triple Stumper
    $400 7
Gershwin

Sate
    $400 2
25

John
    $400 21
Mrs. Fields

Rhonda
    $400 17
the Hebrew alphabet

Sate
    $600 28
[The end-of-round signal sounds.]

the Yangtze River

Sate
    $600 10
Carl Lewis

John
    $600 11
Stephen Foster

Rhonda
    $1,000 3
(General Alexander) Haig

John
    $600 22
Oprah Winfrey

Rhonda
    $600 18
a C

John
    $800 9
(Sate: [*], what is [*]?)

figure skating

Sate
    $800 12
Vienna

Sate
    $800 4
10

John
    $800 23
Mother Teresa

John
    $800 19
the runic alphabet

Triple Stumper
    $1000 26
Nanking

John
    $1000 8
(1 of) the Florida Marlins (Colorado Rockies)

Sate
    $1000 20
Salieri

Triple Stumper
    $1000 5
the Department of Transportation

John
    $500 24
[Alex announced about a minute left prior to revealing the clue.]
...
(Alex: That is a Russian version of "Jeopardy!")

the Cyrillic alphabet

John

Scores at the end of the Double Jeopardy! Round:

Sate Rhonda John
$4,900 $1,700 $11,900
(lock game)

Final Jeopardy! Round responses

NATURE
[Sate does a celebratory fist pump when Alex announces his response as correct]
RhondaWhat is the Grand Canyon?
$1,700
SateWhat is the Great Barrier Reef
$4,900
JohnWhat is the great barrier reef?
$500
the Great Barrier Reef

Final scores:

Sate Rhonda John
$9,800 $0 $12,400
2nd place: $1,000 if eliminated 3rd place: $1,000 if eliminated Automatic semifinalist

Game dynamics:

Coryat scores:

Sate Rhonda John
$4,900 $1,700 $12,000
14 R,
4 W
8 R,
4 W
27 R
(including 3 DDs),
2 W

Combined Coryat: $18,600

[game clues] [game scores] [suggest correction]

Game tape date: 1993-02-22
The J! Archive is created by fans, for fans. Scraping, republication, monetization, and malicious use prohibited; this site may use cookies and collect identifying information. See terms. The Jeopardy! game show and all elements thereof, including but not limited to copyright and trademark thereto, are the property of Jeopardy Productions, Inc. and are protected under law. This website is not affiliated with, sponsored by, or operated by Jeopardy Productions, Inc. Join the discussion at JBoard.tv.